COMPUTER APPLICATIONS IN PHARMACY (Record no. 8653)

MARC details
000 -LEADER
fixed length control field 00491nam a22001817a 4500
005 - DATE AND TIME OF LATEST TRANSACTION
control field 20240920133101.0
008 - FIXED-LENGTH DATA ELEMENTS--GENERAL INFORMATION
fixed length control field 240918b |||||||| |||| 00| 0 eng d
020 ## - INTERNATIONAL STANDARD BOOK NUMBER
ISBN 978-93-87483-20-0
041 ## - LANGUAGE CODE
Language code of text/sound track or separate title eng
082 ## - DEWEY DECIMAL CLASSIFICATION NUMBER
Classification number 610.01
100 ## - MAIN ENTRY--AUTHOR NAME
Personal name AKILA, DR..R.M AND UTTEKAR, DR, PRAVIN
245 ## - TITLE STATEMENT
Title COMPUTER APPLICATIONS IN PHARMACY
250 ## - EDITION STATEMENT
Edition statement RE. PRINT ED. , 2023.
260 ## - PUBLICATION, DISTRIBUTION, ETC. (IMPRINT)
Place of publication LUCKNOW
Name of publisher THAKUR PUBLICATION PVT.LTD
300 ## - PHYSICAL DESCRIPTION
Number of Pages 168;P
650 ## - SUBJECT ADDED ENTRY--TOPICAL TERM
Topical Term PHARMACY
General subdivision B.PHARMA
942 ## - ADDED ENTRY ELEMENTS (KOHA)
Koha item type Books
Holdings
Lost status Damaged status Collection code Home library Current library Shelving location Date acquired Source of acquisition Cost, normal purchase price Full call number Accession Number Koha item type
    PHARMACY JRU Library JRU Library Shelf - 25- H 13/09/2024 PURCHASE 140.00 610.01 28446 Books
    PHARMACY JRU Library JRU Library Shelf - 25- H 13/09/2024 PURCHASE 140.00 610.01 28447 Books
    PHARMACY JRU Library JRU Library Shelf - 25- H 13/09/2024 PURCHASE 140.00 610.01 28448 Books